The Building Regulations 1991 : Approved Document C (Record no. 102685)

MARC details
000 -LEADER
fixed length control field 01310cam a2200361 4500
001 - CONTROL NUMBER
control field
008 - FIXED-LENGTH DATA ELEMENTS--GENERAL INFORMATION
fixed length control field 030317n1992 000 0 eng u
020 ## - INTERNATIONAL STANDARD BOOK NUMBER
International Standard Book Number 0117523143
035 ## - SYSTEM CONTROL NUMBER
System control number (Sirsi) u121632
050 ## - LIBRARY OF CONGRESS CALL NUMBER
Classification number 692.2
-- 18
110 ## - MAIN ENTRY--CORPORATE NAME
Corporate name or jurisdiction name as entry element Department for Environment, Transport and the Regions
9 (RLIN) 4203
240 ## - UNIFORM TITLE
Uniform title Approved Document C
240 ## - UNIFORM TITLE
Uniform title Part C
245 #4 - TITLE STATEMENT
Title The Building Regulations 1991 : Approved Document C
250 ## - EDITION STATEMENT
Edition statement 1992 ed.
260 ## - PUBLICATION, DISTRIBUTION, ETC.
Place of publication, distribution, etc. London
Name of publisher, distributor, etc. TSO
Date of publication, distribution, etc. 1992
505 ## - FORMATTED CONTENTS NOTE
Formatted contents note C1 : preparation of site
505 ## - FORMATTED CONTENTS NOTE
Formatted contents note C2 : dangerous and offensive substances
505 ## - FORMATTED CONTENTS NOTE
Formatted contents note C3 : subsoil drainage
505 ## - FORMATTED CONTENTS NOTE
Formatted contents note C4 : resistance to weather and ground moisture
520 ## - SUMMARY, ETC.
Summary, etc. Coming into effect 1 June 1992. View at www.safety.odpm.gov.uk. Not found when searched for online 28/11/11
650 ## - SUBJECT ADDED ENTRY--TOPICAL TERM
Topical term or geographic name entry element BUILDING REGULATIONS 1991
650 ## - SUBJECT ADDED ENTRY--TOPICAL TERM
Topical term or geographic name entry element BUILDING REGULATIONS 1991 APPROVED DOCUMENT C (1992 EDITION)
650 ## - SUBJECT ADDED ENTRY--TOPICAL TERM
Topical term or geographic name entry element DIRECTIVE 89/106/EEC
650 ## - SUBJECT ADDED ENTRY--TOPICAL TERM
Topical term or geographic name entry element DRAINAGE
650 ## - SUBJECT ADDED ENTRY--TOPICAL TERM
Topical term or geographic name entry element SITE INVESTIGATION
650 ## - SUBJECT ADDED ENTRY--TOPICAL TERM
Topical term or geographic name entry element SITE PREPARATION
650 ## - SUBJECT ADDED ENTRY--TOPICAL TERM
Topical term or geographic name entry element WATERPROOFING
690 ## - LOCAL SUBJECT ADDED ENTRY--TOPICAL TERM (OCLC, RLIN)
Topical term or geographic name as entry element BUILT ENVIRONMENT-BUILDING STANDARDS
710 ## - ADDED ENTRY--CORPORATE NAME
Corporate name or jurisdiction name as entry element United Kingdom
Subordinate unit Welsh Office
9 (RLIN) 1214
856 ## - ELECTRONIC LOCATION AND ACCESS
Uniform Resource Identifier <a href="https://www.safety.odpm.gov.uk/bregs/brad04.htm">https://www.safety.odpm.gov.uk/bregs/brad04.htm</a>
Hours access method available View the Approved Document on the ODPM website...
942 ## - ADDED ENTRY ELEMENTS (KOHA)
Suppress in OPAC 0
Holdings
Withdrawn status Lost status Source of classification or shelving scheme Damaged status Not for loan Home library Current library Shelving location Date acquired Total Checkouts Full call number Barcode Date last seen Copy number Price effective from Koha item type
    Dewey Decimal Classification     Virtual Virtual Online 17/03/2003   ONLINE PUBLICATION 121632-2001 06/08/2019 1 06/08/2019 Book